00776nam a2200193 a 450000500170000000800410001705000230005824500770008126000860015830000120024444000530025650000380030952000170034765000690036465000390043365000410047265000600051370000090057320140414093839.0040310s19uu xx 00 eng d aVHS 370bOR 12 t.3 aAt work in the differentiated classroom :bteaching for learner success. aAlexandria, Va :bAssociation for Supervision and Curriculum Development,cc2001. a25 min. aAt work in the differentiated classroom ; tape 3 aFacilitator's guide, Tapes 1,2,3. aLibrary has: aCurriculum planning (Differentiated instruction)xUnited States. aEffective teachingxUnited States. aAcademic achievementxUnited States. aResearch-based instructional strategiesxUnited States. aASCD